| 000 | 00332nam a2200109Ia 4500 | ||
|---|---|---|---|
| 008 | 180205s9999 xx 000 0 und d | ||
| 020 | _a9718380248 | ||
| 100 | _aDe Leon, Alwin B. | ||
| 245 | _apracticing community development principles in our barangays / | ||
| 260 |
_aQuezon City _bMegabooks company _c2005 |
||
| 300 | _av, 100 pages | ||
| 999 |
_c354793 _d354793 |
||